000 04266nam a2200421Ka 4500
001 bslw06337110
003 UtOrBLW
005 20210303085352.0
006 m d
007 cr un|||||||||
008 101115s2005 enk o 000 0 eng d
020 _a9781849503150 (electronic bk.) :
_c£77.95 ; €110.95 ; $129.95
040 _aUtOrBLW
_cUtOrBLW
050 4 _aHG173
_b.L38 2005
072 7 _aKFF
_2bicssc
072 7 _aFIN
_2bicssc
072 7 _aBUS027000
_2bisacsh
072 7 _aSCI000000
_2bisacsh
080 _a336
082 0 4 _a332
_222
245 0 0 _aLatin American financial markets
_h[electronic resource] :
_bdevelopments in financial innovations /
_cedited by Harvey Arbelaez and Reid William Click.
260 _aBingley, U.K. :
_bEmerald,
_c2005.
300 _a1 online resource (x, 520 p.).
490 1 _aInternational finance review,
_x1569-3767 ;
_vv. 5
505 0 _aDollarization in Cuba / Rémy Herrera, Paulo Nakatani -- Dollarization and political risk : is there a forum for debate? / Harvey Arbelèz -- The flow of capital to Latin America, 1973-2000 / Lall Ramrattan, Aron A. Gottesman, Michael Szenberg -- Lending of last resort, bank monitoring and endogenous financial dollarization / Germana Corrado -- Concentration and internationalization of the Mexican banking sector / Roberto J. Santillán-Salgado -- Bankruptcy in banks from Ecuador : solvency versus panic theories / Franco Parisi, Carlos Maquieira, Antonino Parisi -- Political distortions and spread of banking crises across the pacific rim / Victor Vaugirard -- Day of the week and month of the year effects at the Latin American emerging markets / Alejandra Cabello, Edgar Ortiz -- Finance : evolution or rlatin / Harvey Arbelèz, Reid William Click -- Proximity preference and market liquidity : evidence from Latin American ADRS / Chandrasekhar Krishnamurti, Aleksandar evic -- Alternative beta risk estimators in emerging markets : the Latin American case / Robert D. Brooks, Robert W. Faff, Tim Fry, Diana Maldonado-Rey -- Open market stock repurchases at São Paulo stock exchange : BOVESPA / Jairo Laser Procianoy, Lui?s Fernando Moreira -- FDI and stock market development in selected Latin American countries / Wendy M. Jeffus -- An empirical analysis of U.S. equity market spillover effects into the equity and labor markets of Brazil / Alhassan Bangura, Roberto Curci -- Negative liquidity premia and the shape of the term structure of interest rates : evidence from Chile / Viviana Fernández -- Embedded governance in corporate bond indentures : evidence from Brazil, 1998-2001 / Richard Saito, Hsia Hua Sheng, Senichiro Koshio, Marcos Galileu de Lorena Dutra -- Is the Latin American pension reform model transferable? An assessment utilizing the Venezuelan social security system / J.Tim Query, Evaristo Diz -- Capital budgeting decisions : a survey of Latin American practices / Harvey Arbeláez -- Optimal portfolio allocations and funded pension systems : the case of Chile / Mirko Cardinale -- How sensitive is volatility to exchange rate regimes? : The case of Chile / Viviana Fernández -- Brazilian real futures trading and volatility in the Brazilian equity market / Cynthia J. Brown, Roberto Curci.
520 _aThis book is a collection of 21 original papers on Latin American finance by prominent researchers in and out of the region. This is an attempt to bring them together under the same umbrella so that the commonality and peculiarity of Latin finance can be more easily discerned across different applications as well as compared across countries. While topics are diverse (encompassing corporate finance, banking, equity and bond markets, dollarization, and pension funds), the papers range from country-specific to comparative and international in perspectives.
588 0 _aPrint version record
650 7 _aBusiness & Economics
_xFinance.
_2bisacsh
650 7 _aScience
_xGeneral.
_2bisacsh
650 7 _aFinance.
_2bicssc
650 0 _aFinance.
700 1 _aArbeláez, Harvey.
700 1 _aClick, Reid W.
776 1 _z9780762311637
830 0 _aInternational finance review ;
_vv. 5.
856 4 0 _uhttps://www.emerald.com/insight/publication/doi/10.1016/S1569-3767(2005)5
913 _1BMEbacklist
999 _c31809
_d31809